000 00674cam a22002051 4500
001 af 47005827
003 DLC
005 20260227110834.0
008 770901s1946 ne acf 000 0bdut c
010 _aaf 47005827
035 _a(OCoLC)3234208
040 _aUnion theol. sem. Library
_cMiGrC
_dDLC
042 _apremarc
050 0 0 _aBX9479.B6
_bL5
100 2 _aLijnden-van den Bosch, Annie M. C. van,
_d1912-
245 0 0 _aDominee D. A. van den Bosch,
_cdoor A. M. C. van Lijnden-van den Bosch.
260 _aWageningen,
_bH. Veenman & zonen,
_c1946.
300 _a239 p.
_bmounted ports. (incl. front.) plates.
_c21 cm.
600 1 0 _aBosch, Dirk Arie van den,
_d1884-1942.
999 _c3296
_d3296